| 000 | 00786nam a2200217Ia 4500 | ||
|---|---|---|---|
| 003 | GCL | ||
| 008 | 140319s9999 xx 000 0 ara d | ||
| 040 |
_aGCL / _cGCL |
||
| 082 | 0 | 4 |
_aق _b962.02 _bأ ح |
| 100 | 1 | _aامل بشور | |
| 245 | 1 | 0 |
_aحملة بونابرت الى الشرق : مخطوطة نقولا الترك : _bدراسة وتحقيق / _cامل بشور |
| 250 | _aالاولى | ||
| 260 |
_aبيروت : _bجروس برس ، _c1993 |
||
| 300 |
_a301 ص ؛ _c23 سم |
||
| 650 | 0 | 4 | _aنابليون بونابرت |
| 650 | 0 | 4 | _aالمخطوطات - تحقيق |
| 650 | 0 | 4 | _aمصر - تاريخ - الحملة الفرنسية (1798-1801م) |
| 650 | 0 | 4 | _aالحملة الفرنسية |
| 650 | 0 | 4 | _aالمخطوطات - تاريخ - مصر |
| 942 |
_2ddc _cBK |
||
| 999 |
_c46672 _d46672 |
||